Musical or Opera - Sudden Death - Statistics

General Stats
  • This quiz has been taken 38 times
  • The average score is 6 of 14
Answers on the Grid
Answers color-coded by a green-red scale on the quiz's grid according to % correct below.
The Phantom of the Opera
SIX!
Hadestown
1600 Pennsylvania Avenue
1776
West Side Story
Cats
Aida
Carmen
The Magic Flute
War and Peace
William Tell
Fidelio
The Marriage of Figaro
The Fairy-Queen
Orlando
Don Giovanni
Macbeth
The Queen of Spades
Tosca
Destiny
Chicago
Les Misérables
Cabaret
Evita
La Grosse Valise
Portofino
La Strada
 
Answer Stats
Answer % Correct
Carmen
68%
The Marriage of Figaro
68%
Don Giovanni
64%
Aida
52%
Fidelio
48%
The Magic Flute
48%
Tosca
48%
William Tell
48%
The Fairy-Queen
32%
Macbeth
28%
War and Peace
24%
Orlando
20%
The Queen of Spades
12%
Destiny
4%
No matching quizzes found
Score Distribution
Percent of People with Each Score
Percentile by Number Answered
Your Score History
You have not taken this quiz